| 000 | 00845nam a22002177a 4500 | ||
|---|---|---|---|
| 003 | OSt | ||
| 005 | 20241028091207.0 | ||
| 008 | 241010b |||ak||| |||| 00| 0 eng d | ||
| 020 | _a9586350673 | ||
| 037 | _bDonación | ||
| 040 |
_aCO-JMCR _cCO-JMCR _bspa _dCO-JMCR _erda |
||
| 041 | 0 | _aspa | |
| 082 | 0 | 4 |
_a368.4 _bV25t _223 |
| 100 | 1 |
_aVanegas Castellanos, Alfonso. _943882 |
|
| 245 | 1 | 0 |
_aTeoría y práctica de la seguridad social : _bSistema general de pensiones, de seguridad social en salud, de riesgos profesionales, programa de servicios sociales complementarios / _cAlfonso Vanegas Castellanos. |
| 250 | _a3a. edición | ||
| 260 |
_aBogotá D.C. : _bLibreria del Profesional, _c1997. |
||
| 300 |
_aXXXVII, 413 páginas : _bIlustraciones, formularios ; _c24 cm. |
||
| 504 | _aContiene referencias bibliográficas | ||
| 942 |
_2ddc _cBK |
||
| 999 |
_c30853 _d17237 |
||